| 000 | 00977nam a2200289 a 4500 | ||
|---|---|---|---|
| 008 | |||
| 020 | _a1853390593 (cased) | ||
| 049 | _aMAIN | ||
| 090 |
_aHD2340.8 _bOTH |
||
| 245 | 0 | 4 |
_aThe Other policy : _bthe influence of policies on technology choice and small enterprise development / _cedited by Frances Stewart, Henk Thomas and Ton de Wilde. |
| 260 |
_aLondon : _bIT Publications, _c1990. |
||
| 300 |
_axxiv, 486 p. ; _c24cm. |
||
| 504 | _aIncludes bibliographical references. | ||
| 650 | 0 |
_aAppropriate technology _xGovernment policy. |
|
| 650 | 0 | _aTechnology and state. | |
| 650 | 0 | _aSmall business. | |
| 700 | 1 | _aStewart, Frances. | |
| 700 | 1 | _aThomas, Henk. | |
| 700 | 1 | _aWilde, Ton de. | |
| 710 | 2 | _aIntermediate Technology Publications. | |
| 710 | 2 | _aA.T. International. | |
| 907 |
_a.b10083285 _b23-09-13 _c17-07-03 |
||
| 003 | |||
| 005 | 20230123133341.0 | ||
| 040 | _cNUST | ||
| 942 |
_cBOOKS _kHD2340.8 _mOTH |
||
| 999 |
_c147087 _d147087 |
||